Basics of biodiversity : (Record no. 480040)

000 -LEADER
fixed length control field 00770cam a2200241 a 4500
001 - CONTROL NUMBER
control field 3558594
003 - CONTROL NUMBER IDENTIFIER
control field ASAB
005 - DATE AND TIME OF LATEST TRANSACTION
control field 20180827062623.0
008 - FIXED-LENGTH DATA ELEMENTS--GENERAL INFORMATION
fixed length control field 970612s1993 ke a b 000 0 eng
010 ## - LIBRARY OF CONGRESS CONTROL NUMBER
LC control number 97983266
020 ## - INTERNATIONAL STANDARD BOOK NUMBER
International Standard Book Number 978-81-261-3581-3
040 ## - CATALOGING SOURCE
Original cataloging agency DLC
Transcribing agency ASAB
Modifying agency DLC
082 00 - DEWEY DECIMAL CLASSIFICATION NUMBER
Classification number 639
Edition number 21
100 ## - MAIN ENTRY--PERSONAL NAME
Personal name By Nirmal Chandra Pradhan
9 (RLIN) 1641
240 ## - UNIFORM TITLE
Uniform title basics of the hard sciences
245 00 - TITLE STATEMENT
Title Basics of biodiversity :
Statement of responsibility, etc. Biodiversity Support Program.
260 ## - PUBLICATION, DISTRIBUTION, ETC.
Place of publication, distribution, etc. [Nairobi] :
Name of publisher, distributor, etc. The Program,
Date of publication, distribution, etc. c1993.
300 ## - PHYSICAL DESCRIPTION
Extent xxi, 283 p. :
Other physical details ill. ;
Dimensions 28 cm.
650 #0 - SUBJECT ADDED ENTRY--TOPICAL TERM
Topical term or geographic name entry element biodiversity
9 (RLIN) 1642
906 ## - LOCAL DATA ELEMENT F, LDF (RLIN)
a 7
b cbc
c origode
d 3
e ncip
f 19
g y-gencatlg
942 ## - ADDED ENTRY ELEMENTS (KOHA)
Source of classification or shelving scheme
Koha item type Book
Holdings
Withdrawn status Lost status Source of classification or shelving scheme Damaged status Not for loan Collection code Permanent Location Current Location Date acquired Total Checkouts Full call number Barcode Date last seen Price effective from Koha item type
            Atta-ur-Rahman School of Applied Biosciences (ASAB) Atta-ur-Rahman School of Applied Biosciences (ASAB) 03/17/2016   639 CHA ASAB1740 03/17/2016 03/17/2016 Book
© 2023 Central Library, National University of Sciences and Technology. All Rights Reserved.